Géographie de l'Europe par lettre - C - Statistiques

Statistiques générales
  • Ce quiz a été pris 568 fois
    142 depuis la dernière actualisation
  • Le résultat moyen est 13 sur 20
Statistiques - réponses
Indice Réponse % Correct
Capitale du Danemark Copenhague
97%
Île française de la méditerranée Corse
97%
Pays des balkans, dernier en date à rejoindre l'Union européenne Croatie
95%
Région culturelle surtout espagnole, avec une petite partie en France Catalogne
90%
Péninsule ukrainienne envahie par la Russie en 2014 Crimée
90%
Plus grande île grecque Crête
89%
Nom des subdivisions de premier niveau suisses Cantons
88%
Lac italien, homonyme d'une ville qui le borde Côme
85%
Île méditerranéenne dont l'appartenance à l'Europe est débattue Chypre
82%
Parc naturel régional français, connu pour ses flamands roses et ses chevaux Camargue
69%
Ville allemande, la plus peuplée le long du Rhin Cologne
66%
Deuxième ville la plus peuplée d'Irlande Cork
58%
Chaîne de montagne marquant une frontière avec l'Asie Caucase
55%
Chaîne de montagne de l'est, Dracula y habite Carpates
49%
Alffluent de la Loire Cher
43%
Région historique du centre de l'Espagne Castille
40%
Péninsule d'Angleterre à la tradition celtique Cornouailles
33%
Sommet des alpes partagé entre Suisse et Italie Cervin
32%
Deuxième plus grande ville roumaine, plus importante de Transylvanie Cluj-Napoca
19%
Région historique finnoise, majoritairement russe depuis 1940 Carélie
12%
Aucun quiz correspondant
Distribution des résultats
% des personnes avec chaque résultat
Percentile par nombre de réponses
Votre historique - résultats
Vous n’avez pas pris ce quiz depuis la dernière actualisation